000 01302nam a2200337 i 4500
003 EG-GICUC
005 20260413204438.0
008 260413s1957 fr ||||fr|||| 00| 0 fre d
040 _aEG-GiCUC
_bfre
_cEG-GiCUC
_dEG-GiCUC
_eRda
082 0 4 _221
_a343.2
_bGO . P
092 0 4 _221
099 _aLaw1 10 343.2 GO . P 5 ed - 1945
100 1 _aGoyet, Francisque
_eAuteur
245 1 0 _aPrécis de Droit Pénal Spécial :
_bÉtude Des Infractions Punies Par Le Code Pénal Et Par Les Lois Les Plus Importantes /
_cFrancisque Goyet ,Marcel Rousselet, Maurice Patin; Préface De F. Mazeaud .
250 _aCinquiéme édition entièrement refondue et mise à jour
264 1 _aParis :
_bLibrairie Du Recueil Sirey,
_c1945.
300 _a+819 pages :
_billustration ;
_c24 cm.
336 _2rda contenu
_a texte
337 _2rda medias
_aOrdinateur
338 _2 transporteur rda
_a Ressource en ligne
504 _aComprend des références bibliographiques.
546 _aTexte en français
650 1 _aDroit pénal
650 1 _aDroit pénal spécial
700 1 _aRousselet, Marcel
_eAuteur
700 1 _aPatin, Maurice
_eContributeur
700 1 _aMazeaud, F
_ePréfacier
856 4 0 _uhttps://fll.law.cu.edu.eg/fulltext/bks/B10-09157.pdf
905 _a43
942 _2ddc
_n0
_cBK
_e21
999 _c70697
_d70697